<?xml version="1.0" encoding="UTF-8"?>
<record
    xmlns:xsi="http://www.w3.org/2001/XMLSchema-instance"
    xsi:schemaLocation="http://www.loc.gov/MARC21/slim http://www.loc.gov/standards/marcxml/schema/MARC21slim.xsd"
    xmlns="http://www.loc.gov/MARC21/slim">

  <leader>03174nam a2200385uu 4500</leader>
  <controlfield tag="001">1015717</controlfield>
  <controlfield tag="005">20260507074602.0</controlfield>
  <controlfield tag="008">070213s2005                        spa  </controlfield>
  <datafield tag="020" ind1=" " ind2=" ">
    <subfield code="a">849610821X</subfield>
  </datafield>
  <datafield tag="035" ind1=" " ind2=" ">
    <subfield code="a">1015717</subfield>
  </datafield>
  <datafield tag="035" ind1=" " ind2=" ">
    <subfield code="a">(OCoLC)427470970</subfield>
  </datafield>
  <datafield tag="040" ind1=" " ind2=" ">
    <subfield code="c">comduadb</subfield>
  </datafield>
  <datafield tag="041" ind1=" " ind2=" ">
    <subfield code="a">spa</subfield>
  </datafield>
  <datafield tag="082" ind1=" " ind2="4">
    <subfield code="a">863</subfield>
  </datafield>
  <datafield tag="100" ind1="1" ind2="0">
    <subfield code="a">Romea Castro, Celia</subfield>
    <subfield code="4">edt</subfield>
    <subfield code="e">edt</subfield>
    <subfield code="9">540270</subfield>
  </datafield>
  <datafield tag="245" ind1="1" ind2="0">
    <subfield code="a">Juan Marse, su obra literaria : lectura, recepci&#xF3;n y posibilidades did&#xE1;cticas</subfield>
  </datafield>
  <datafield tag="260" ind1=" " ind2=" ">
    <subfield code="a">Barcelona :</subfield>
    <subfield code="b">Horsori,</subfield>
    <subfield code="c">2005.</subfield>
  </datafield>
  <datafield tag="300" ind1=" " ind2=" ">
    <subfield code="a">261 p&#xE1;ginas :</subfield>
    <subfield code="b">ilustraciones</subfield>
  </datafield>
  <datafield tag="490" ind1="0" ind2=" ">
    <subfield code="a">Cuadernos para el An&#xE1;lisis ;</subfield>
    <subfield code="v">17</subfield>
  </datafield>
  <datafield tag="520" ind1="3" ind2=" ">
    <subfield code="a">CONTENIDO : EL ENTORNO DE LA OBRA Y SU AUTOR. -- La imagen literaria de Barcelona en las novelas de Juan Mars&#xE9; (Llu&#xED;s Izquierdo). -- Novelas del tiempo viejo (Jorge Gracia). -- Elementos constitutivos de la narrativa de Juan Mars&#xE9; (Samuel Amell). -- &#x201C;Este sol de la infancia&#x201D; vertientes de la memoria en la obra narrativa de Juan Mars&#xE9; (Marcos Maurel). -- Lo imaginario en Juan Mars&#xE9; (Joaquin Marco). -- Variaciones del l&#xE9;xico de Juan Mars&#xE9;: una lecci&#xF3;n magistral de palabra y obra (Carmen Echazarreta). -- Los anarquistas en las obras de Juan Mars&#xE9; (David Castillo). -- Personalidad literaria y humana del autor (Arturo P&#xE9;rez Reverte, Joan de Sagarra, Javier Coma y Beatriz de Moura). -- Manolo Reyes: evoluci&#xF3;n de un estereotipo (William Sherzer). -- Historia y discurso en El amante biling&#xFC;e de Juan Mars&#xE9; (Adolfo Sotelo V&#xE1;zquez). -- Un ejemplo de did&#xE1;ctica de la creaci&#xF3;n literaria: La muchacha de las bragas de oro (Jos&#xE9; Belmonte Serrano). -- Sobre las variantes de Si te dicen que ca&#xED;: una primera interpretaci&#xF3;n (Jos&#xE9; Manuel L&#xF3;pez de Abiada y Augusta L&#xF3;pez Bernasocchi). -- Juan Mars&#xE9;: lectura y recepci&#xF3;n de los relatos cortos. -- El fantasma del cine Roxy (Antonio Mendoza Fillola). -- EL CINE EN MARSE, MARSE EN EL CINE. -- La narrativa de Juan Mars&#xE9;, a caballo entre el cine y la literatura (Jorge Mar&#xED;). -- El cine en la vida cotidiana de los personajes marcianos (Celia Romea Castro). -- Retos y dificultades en la realizaci&#xF3;n de las pel&#xED;culas: Si te dicen que ca&#xED;, La muchacha de las bragas de oro. -- El amante biling&#xFC;e (Vicente Aranda y Juan Mars&#xE9;). -- El embrujo de Shamghai, de la novela a la pel&#xED;cula (Fernando Trueba y Juan Mars&#xE9;). -- La obra de Mars&#xE9; en el cine (Marcos Ord&#xF3;&#xF1;ez). -- Bibliograf&#xED;a.</subfield>
  </datafield>
  <datafield tag="600" ind1="1" ind2="4">
    <subfield code="a">Marse, Juan,</subfield>
    <subfield code="d">1933-2020</subfield>
    <subfield code="4">aut</subfield>
    <subfield code="0">(isni)0000000121447758</subfield>
    <subfield code="0">(viaf)98036383</subfield>
    <subfield code="9">477134</subfield>
  </datafield>
  <datafield tag="650" ind1=" " ind2=" ">
    <subfield code="a">Marse, Juan - Cr&#xED;tica e interpretaci&#xF3;n</subfield>
    <subfield code="9">110077</subfield>
  </datafield>
  <datafield tag="650" ind1=" " ind2=" ">
    <subfield code="a">Marse, Juan. La muchacha de las bragas de oro</subfield>
    <subfield code="9">177828</subfield>
  </datafield>
  <datafield tag="650" ind1=" " ind2=" ">
    <subfield code="a">Marse, Juan. Si te dicen que ca&#xED;</subfield>
    <subfield code="9">56526</subfield>
  </datafield>
  <datafield tag="650" ind1=" " ind2=" ">
    <subfield code="a">Marse, Juan. El amante biling&#xFC;e</subfield>
    <subfield code="9">578</subfield>
  </datafield>
  <datafield tag="650" ind1=" " ind2=" ">
    <subfield code="a">Marse, Juan. El fantasma del cine Roxy</subfield>
    <subfield code="9">157112</subfield>
  </datafield>
  <datafield tag="650" ind1=" " ind2=" ">
    <subfield code="a">Marse, Juan. El embrujo de Shanghai</subfield>
    <subfield code="9">157113</subfield>
  </datafield>
  <datafield tag="650" ind1=" " ind2="7">
    <subfield code="a">Autores espa&#xF1;oles</subfield>
    <subfield code="2">lemb</subfield>
    <subfield code="9">21034</subfield>
  </datafield>
  <datafield tag="700" ind1=" " ind2="0">
    <subfield code="a">Izquierdo, Luis</subfield>
    <subfield code="4">aut</subfield>
    <subfield code="e">aut</subfield>
    <subfield code="9">396911</subfield>
  </datafield>
  <datafield tag="700" ind1="1" ind2="0">
    <subfield code="a">Amell, Samuel</subfield>
    <subfield code="4">aut</subfield>
    <subfield code="e">aut</subfield>
    <subfield code="9">430110</subfield>
  </datafield>
  <datafield tag="700" ind1="1" ind2="0">
    <subfield code="a">Maurel, Marcos</subfield>
    <subfield code="4">aut</subfield>
    <subfield code="e">aut</subfield>
    <subfield code="9">344522</subfield>
  </datafield>
  <datafield tag="700" ind1="1" ind2="0">
    <subfield code="a">Marco, Joaqu&#xED;n,  </subfield>
    <subfield code="d">1935-2020</subfield>
    <subfield code="4">aut</subfield>
    <subfield code="e">aut</subfield>
    <subfield code="9">476503</subfield>
  </datafield>
  <datafield tag="700" ind1="1" ind2="0">
    <subfield code="a">Echazarreta, Carmen</subfield>
    <subfield code="4">aut</subfield>
    <subfield code="e">aut</subfield>
    <subfield code="9">435273</subfield>
  </datafield>
  <datafield tag="942" ind1=" " ind2=" ">
    <subfield code="c">BOOK</subfield>
  </datafield>
  <datafield tag="999" ind1=" " ind2=" ">
    <subfield code="c">412399</subfield>
    <subfield code="d">412399</subfield>
  </datafield>
  <datafield tag="952" ind1=" " ind2=" ">
    <subfield code="0">0</subfield>
    <subfield code="1">0</subfield>
    <subfield code="4">0</subfield>
    <subfield code="7">0</subfield>
    <subfield code="8">COLIT</subfield>
    <subfield code="a">BC</subfield>
    <subfield code="b">BC</subfield>
    <subfield code="d">2007-02-13</subfield>
    <subfield code="e">Alfaomega</subfield>
    <subfield code="g">103927.00</subfield>
    <subfield code="i">C939188</subfield>
    <subfield code="l">0</subfield>
    <subfield code="o">863 M364r</subfield>
    <subfield code="p">0579909</subfield>
    <subfield code="r">2023-04-27 00:00:00</subfield>
    <subfield code="t">1</subfield>
    <subfield code="w">2023-04-27</subfield>
    <subfield code="y">BOOK</subfield>
  </datafield>
</record>
